000 01705cam a22003977a 4500
003 CHAP
005 20220329133336.0
008 971013s1977 r 00010 d
010 _a5155
011 _a6127
035 _a5345
040 _cCHAP
082 _a634
_bC34
100 0 0 _aCalderón Alcaraz, Esteban.
_917368
245 0 _aFruticultura general
260 _aMéxico, D.F. :
_bECA,
_c1977
300 _a759 p.
_b: ilus.
500 _ac.8 sust. por Denisen, Ervin L. Fundamentos de horticultura c.3
590 _aBATCH-UPD
_b10
_c20130110
_lUCH01
_h2003
590 _aBATCH-UPD
_b10
_c20130410
_lUCH01
_h1323
590 _aBATCH-UPD
_b10
_c20130914
_lUCH01
_h1446
590 _aCONVERSION
_b10
_c20130109
_lUCH01
_h1304
650 1 4 _aFruticultura.
_943684
901 _aBK
942 _cLIBRO
949 _a634 C34
_bBC
_cLIBRO
_d33724000201356
_eLIBRO
_fc.4 Sust.
_h43685
_i5345
_mPerdido y sustituŁdo por : Avitia GarcŁa, Edilberto / TaxonomŁa y nomenclatura de especies frutŁcolas / Folleto 16549
_si
949 _a634 C34
_bBC
_cLIBRO
_d33724000201471
_eLIBRO
_fc.9
_h43690
_i5345
_si
949 _a634 C34
_bBC
_cLIBRO
_d33724000224663
_eLIBRO
_fc.5
_h43686
_i5345
_si
949 _a634 C34
_bBC
_cLIBRO
_d33724000584470
_eLIBRO
_fc.7
_h43688
_i5345
_si
949 _a634 C34
_bBC
_cLIBRO
_d33724000902615
_eLIBRO
_fc.13
_h43695
_i5345
_si
949 _a634 C34
_bBC
_cLIBRO
_d33724000986857
_eLIBRO
_fc.11
_h43692
_i5345
_si
949 _a634 C34
_bBC
_cLIBRO
_d33724002013181
_eLIBRO
_fc.2
_h43683
_i5345
_si
949 _a634 C34
_bBC
_cLIBRO
_d33724002021769
_eLIBRO
_fc.14
_h43695
_i5345
_si
949 _a634 C34
_bBC
_cLIBRO
_d33724002021842
_eLIBRO
_h43682
_i5345
_si
949 _a634 C34
_bBC
_cLIBRO
_dD_22DC
_eLIBRO
_fc.8
_h43689
_i5345
_si
999 _c5155
_d5155